UCSC Library OPAC

UNIX NETWORK PROGRAMMING :VOLUME 1: Networking APIs : Sockets and XTI (Record no. 22249)

MARC details
000 -LEADER
fixed length control field 00533nam a2200205Ia 4500
008 - FIXED-LENGTH DATA ELEMENTS--GENERAL INFORMATION
fixed length control field 240509s9999 xx 000 0 und d
020 ## - INTERNATIONAL STANDARD BOOK NUMBER
International Standard Book Number 0008120320611
041 ## - LANGUAGE CODE
Language code of text/sound track or separate title English
082 ## - DEWEY DECIMAL CLASSIFICATION NUMBER
Classification number 005.712
082 ## - DEWEY DECIMAL CLASSIFICATION NUMBER
Cutter number S72
100 ## - MAIN ENTRY--PERSONAL NAME
Personal name STEVENS W.R.
245 #0 - TITLE STATEMENT
Title UNIX NETWORK PROGRAMMING :VOLUME 1: Networking APIs : Sockets and XTI
250 ## - EDITION STATEMENT
Edition statement 2nd ed.
260 ## - PUBLICATION, DISTRIBUTION, ETC.
Name of publisher, distributor, etc. NEW DELHI : PRINTICE HALL
260 ## - PUBLICATION, DISTRIBUTION, ETC.
Date of publication, distribution, etc. 1998
300 ## - PHYSICAL DESCRIPTION
Extent (Pages) 1009 p.
650 ## - SUBJECT ADDED ENTRY--TOPICAL TERM
Topical term or geographic name entry element UNIX : NETWORK PROGRAMMING : OPERATING SYSYTEMS
942 ## - ADDED ENTRY ELEMENTS (KOHA)
Source of classification or shelving scheme Dewey Decimal Classification
942 ## - ADDED ENTRY ELEMENTS (KOHA)
Koha item type Refrence Book
945 ## - LOCAL PROCESSING INFORMATION (OCLC)
creator borrowernumber 1
creator name Madushi Gamage
modifier borrowernumber 1
modifier name Madushi Gamage
Holdings
Withdrawn status Lost status Source of classification or shelving scheme Damaged status Not for loan Collection code Home library Current library Shelving location Date acquired Inventory number Total Checkouts Full call number Barcode Date last seen Price effective from Koha item type Cost, normal purchase price
    Dewey Decimal Classification     Reference Collection UCSC Library UCSC Library Reference Section 27/06/2024 2763   005.712 S72 A12763 27/06/2024 27/06/2024 Refrence Book  
    Dewey Decimal Classification     Lending Collection UCSC Library UCSC Library Lending Section 27/06/2024 6697   005.712 S72 A16697 27/06/2024 27/06/2024 Lending Book 1000.00
    Dewey Decimal Classification     Lending Collection UCSC Library UCSC Library Lending Section 27/06/2024 4478   005.712 S72 A14478 27/06/2024 27/06/2024 Lending Book 516.00
    Dewey Decimal Classification     Lending Collection UCSC Library UCSC Library Lending Section 27/06/2024 4479   005.712 S72 A14479 27/06/2024 27/06/2024 Lending Book 516.00